Statistics for S-togs stationerne (med kort)

Click here to take the quiz!

General Stats

  • This quiz has been taken 1.199 times
  • The average score is 48 of 92

Answers on the Map

Answers color-coded by a green-red scale on the quiz's map according to % correct below.
 

Answer Stats

Stationer% Correct
København H
91%
Køge
91%
Nørreport
89%
Østerport
88%
Vesterport
87%
Klampenborg
83%
Hellerup
82%
Hellerup
82%
Hellerup
82%
Høje Taastrup
82%
Frederikssund
81%
Hillerød
81%
Nordhavn
78%
Valby
74%
Valby
74%
Farum
72%
Svanemøllen
72%
Lyngby
67%
Taastrup
67%
Allerød
66%
Hvidovre
66%
Nørrebro
66%
Hareskov
65%
Ballerup
63%
Ishøj
63%
Rødovre
63%
Dybbølsbro
62%
Ny Ellebjerg
61%
Ny Ellebjerg
61%
Holte
60%
Gentofte
59%
Sydhavn
59%
Birkerød
58%
Greve
57%
Vanløse
56%
Carlsberg
55%
Carlsberg
55%
Herlev
54%
Hundige
54%
Solrød Strand
54%
Albertslund
53%
Flintholm
53%
Flintholm
53%
Glostrup
53%
Brøndby Strand
52%
Ryparken
51%
Ryparken
51%
Charlottenlund
49%
Ølstykke
49%
Værløse
48%
Virum
48%
Vallensbæk
46%
Brøndbyøster
44%
Buddinge
44%
Friheden
43%
Danshøj
42%
Danshøj
42%
Ølby
42%
Husum
41%
Jægersborg
41%
KB Hallen
41%
Sjælør
41%
Stenløse
41%
Bagsværd
40%
Bispebjerg
40%
Emdrup
40%
Ordrup
40%
Sorgenfri
40%
Jersie
39%
Peter Bangs Vej
39%
Måløv
38%
Bernstorffsvej
37%
Skovlunde
37%
Vangede
37%
Fuglebakken
36%
Avedøre
35%
Karlslunde
35%
Dyssegård
34%
Islev
34%
Åmarken
33%
Malmparken
33%
Skovbrynet
33%
Egedal
32%
Langgade
30%
Stengården
30%
Ålholm
29%
Grøndal
29%
Jyllingevej
29%
Kildebakke
29%
Veksø
28%
Kildedal
27%
Vigerslev Allé
25%

Score Distribution

Percentile by Number Answered

Percent of People with Each Score

Your Score History

You have not taken this quiz